Automatic Control systems / (Record no. 153719)

MARC details
000 -LEADER
fixed length control field 00618nam a22002057a 4500
005 - DATE AND TIME OF LATEST TRANSACTION
control field 20180710120408.0
010 ## - LCCN (DPL NO)
LC control number ENG-123421
020 ## - INTERNATIONAL STANDARD BOOK NUMBER
International Standard Book Number 9789387572973
Terms of availability 1799.00
035 ## - SYSTEM CONTROL NUMBER
System control number EN-106953
037 ## - SOURCE OF ACQUISITION
Source of stock number/acquisition DBAD/PUB.
082 ## - DEWEY DECIMAL CLASSIFICATION NUMBER
Classification number 629.8
100 ## - MAIN ENTRY--PERSONAL NAME
Personal name Farid Golnaraghi
245 00 - TITLE STATEMENT
Title Automatic Control systems /
Remainder of title by Farid Golnaraghi [and] Benjamin C. Kuo
250 ## - EDITION STATEMENT
Edition statement 10th edn.
260 ## - PUBLICATION, DISTRIBUTION, ETC. (IMPRINT)
Place of publication, distribution, etc New Delhi
Name of publisher, distributor, etc McGraw Hill Education
Date of publication, distribution, etc 2018
270 ## - ADDRESS
Address P-24, Green Park Extn.
City New Delhi
Postal code 110016
300 ## - PHYSICAL DESCRIPTION
Extent xiv,846p.
Dimensions 26cm(pbk)
Other physical details ill.
700 ## - ADDED ENTRY--PERSONAL NAME
Personal name Benjamin C. Kuo
942 ## - ADDED ENTRY ELEMENTS (KOHA)
Source of classification or shelving scheme Dewey Decimal Classification
Item type English Books
Call number suffix FAR
Classification part 629.8
Holdings
Withdrawn status Lost status Not for loan Collection code Home library Current library Date acquired Source of acquisition Cost, normal purchase price Full call number Barcode Copy number Cost, replacement price Koha item type
    Not For Loan Non-fiction D.B.Act.Division Central Library 10/07/2018 DBAD/PUB. 1799.00 629.8 FAR EN-106953 1 1799.00 English Books

© Delhi Public Library
Hit Counter
free hit counter